Environnement rapport d'activité 2000

Salvato in:
Dettagli Bibliografici
Natura: Libro
Lingua:francese
Pubblicazione: Paris Ministere de l'Aménagement du Territoire et de l'Environnement [2001]
Soggetti:
Tags: Aggiungi Tag
Nessun Tag, puoi essere il primo ad aggiungerne!!

MARC

LEADER 00000nam a2200000 4500
001 c130225
005 20240104114504.1
041 0 |a fre 
044 |a FR 
245 1 0 |a Environnement  |b rapport d'activité 2000 
264 1 |a Paris  |b Ministere de l'Aménagement du Territoire et de l'Environnement  |c [2001] 
300 |a 179 s., 71 s. 
610 2 0 |a prostredie ekonomické 
610 2 0 |a prostredie krajinné 
610 2 0 |a prostredie životné 
610 2 0 |a regióny 
610 2 0 |a emisie 
610 2 0 |a ekológia 
610 2 0 |a ochrana prostredia životného 
610 2 0 |a poľnohospodárstvo 
610 2 0 |a urbanizmus 
610 2 0 |a stavebníctvo 
610 2 0 |a energia 
610 2 0 |a energia atómová 
610 2 0 |a rádioaktivita 
610 2 0 |a dokumentácia 
610 2 0 |a priemysel 
610 2 0 |a príroda 
610 2 0 |a Francúzsko